| 000 | 00659cam a2200193 i 4500 | ||
|---|---|---|---|
| 005 | 20251108165347.0 | ||
| 008 | 250721s2002 jo gr 000 0 ara d | ||
| 082 | 1 | 4 |
_a004.6806 _bب ص ب |
| 100 | 1 |
_aبصبوص، محمد _eمؤلف. |
|
| 245 | 1 | 0 |
_aإدارة شبكات الحاسوب / _cمحمد بصوص. |
| 246 | 1 | 0 | _aWindows nt |
| 250 | _aالطبعة الأولى. | ||
| 264 | 1 |
_aعمان : _bدار اليازوري العلمية للنشر والتوزيع، _c2002. |
|
| 300 | _a298 صفحة. | ||
| 650 | 1 | 7 | _aشبكات الإتصالات. |
| 650 | 1 | 7 | _aشبكات الحواسيب. |
| 942 |
_2ddc _cBK |
||
| 999 |
_c26019 _d26019 |
||